00467nam a2200169Ia 4500008004100000040001900041041001200060082002000072245005800092260003400150300002500184630001800209650001200227651001000239700003000249850001800279131103s9999 xx 000 0 und d aLoreto College aEnglish a841/ROLbLCLIB/ 4aThe song of RolandcTranslated by Hilda Cumings Price aLondonbFrederick Warnec1961 a103p.b ill.c 19cm. aFrench poetry aRotland aSongs aPrce, Hilda Cumings ; tr. aLCLIB/841/ROL